Focus (Record no. 82921)

MARC details
000 -LEADER
fixed length control field 00783cab a22001935a 4500
001 - CONTROL NUMBER
control field L152262
008 - FIXED-LENGTH DATA ELEMENTS--GENERAL INFORMATION
fixed length control field 110215e20110212xxk 000 0 eng d
035 ## - SYSTEM CONTROL NUMBER
System control number (Sirsi) u152262
041 0# - LANGUAGE CODE
Language code of text/sound track or separate title eng
100 1# - MAIN ENTRY--PERSONAL NAME
Personal name Maxwell, Estelle
245 00 - TITLE STATEMENT
Title Focus
Remainder of title auctions
260 ## - PUBLICATION, DISTRIBUTION, ETC.
Date of publication, distribution, etc. 2011
490 ## - SERIES STATEMENT
Series statement Estates Gazette
Volume/sequential designation (1106) 12 February 2011, 57-72(6)
520 ## - SUMMARY, ETC.
Summary, etc. Recovery from the recession, public spending cuts and the increase in VAT to 20% in January 2011 have created difficult trading conditions for the property auction market. Collabration between smaller independent firms sharing costs of hiring venues and franchising are helping firms to survive the difficult market conditions.
590 ## - LOCAL NOTE (RLIN)
Local note KA
651 #4 - SUBJECT ADDED ENTRY--GEOGRAPHIC NAME
Geographic name United Kingdom
Chronological subdivision
690 ## - LOCAL SUBJECT ADDED ENTRY--TOPICAL TERM (OCLC, RLIN)
Topical term or geographic name as entry element Auctioneering
9 (RLIN) 6218
942 ## - ADDED ENTRY ELEMENTS (KOHA)
Suppress in OPAC 0
Holdings
Withdrawn status Lost status Source of classification or shelving scheme Damaged status Not for loan Home library Current library Shelving location Date acquired Total Checkouts Full call number Barcode Date last seen Copy number Price effective from Koha item type
    Dewey Decimal Classification     London London Journal article 15/02/2011   L152262 152262-1001 06/08/2019 1 06/08/2019 Journal article